| 000 | 00691nam a2200241 4500 | ||
|---|---|---|---|
| 003 | LK-CoMWRAF | ||
| 005 | 20231109093533.0 | ||
| 008 | 230831b1994 |||||||| |||| 00| 0 eng d | ||
| 020 | _a1882978277 | ||
| 040 |
_aLK-CoMWRAF _dLK-CoMWRAF _eLK-CoMWRAF |
||
| 041 | _aeng | ||
| 082 |
_a291 _bCON |
||
| 100 | _aConway, Timothy | ||
| 245 |
_aWomen of power and grace: _bnine astonishing, inspiring luminaries of our time |
||
| 260 |
_aCalifornia: _bSanta Barbara, _c1994 |
||
| 300 | _a351 p. : ill. ; 24 cm. | ||
| 650 | _aWOMEN-Religion | ||
| 650 | _aWomen and religion. | ||
| 650 | _aWomen--Biography. | ||
| 650 | _aComparative religion | ||
| 650 | _aSpiritual biography | ||
| 942 | _cBK | ||
| 999 |
_c3319 _d3319 |
||